Slovensko na prahu Európskej únie

Ekonomická a sociálna pozícia krajiny v predvstupnom období. Makroekonomický rámec. Náklady spojené s implementáciou komunitárnej politiky EÚ. Celkový pohľad na účinky prijatia SR do EÚ. Prínosy a riziká vstupu. Odporúčania pre hospodársku politiku. Inštitucionálno-právne prínosy vstupu SR do EÚ.

Na minha lista:
Detalhes bibliográficos
Autor principal: Polakovič, Ivan
Formato: Capítulo de Livro
Idioma:eslovaco
Assuntos:
Tags: Adicionar Tag
Sem tags, seja o primeiro a adicionar uma tag!

MARC

LEADER 00000naa a2200000 4500
001 r045875
005 20230920074757.3
041 0 |a slo 
044 |a SK 
245 1 0 |a Slovensko na prahu Európskej únie  |c Ivan Polakovič 
520 |a Ekonomická a sociálna pozícia krajiny v predvstupnom období. Makroekonomický rámec. Náklady spojené s implementáciou komunitárnej politiky EÚ. Celkový pohľad na účinky prijatia SR do EÚ. Prínosy a riziká vstupu. Odporúčania pre hospodársku politiku. Inštitucionálno-právne prínosy vstupu SR do EÚ. 
610 2 0 |a spolupráca hospodárska medzinárodná 
610 2 0 |a Slovensko 
610 2 0 |a Európska únia 
610 2 0 |a reformy hospodárske 
610 2 0 |a politika hospodárska 
610 2 0 |a politika hospodárska medzinárodná 
610 2 0 |a konkurencia 
610 2 0 |a legislatíva 
610 2 0 |a makroekonomika 
100 1 |a Polakovič, Ivan